000 00331 a2200109 4500
001 ART_8332
005 20260410161844.0
008 260409a
245 1 0 _aMás allá del sistema económico
100 1 _aPrebisch, Raúl
773 0 _tEl trimestre económico
_g- Vol. XXXVIII, Nº 150 (abr./jun. 1971)
_wREV6933
999 _c24335
_d24335